000
00300nam a2200121Ia 4500
005
20251222141845.0
008
251222s9999||||xx |||||||||||||| ||spa||
082
_a
869.560.1/V31
100
_a
Varela, Blanca
245
0
_a
Camino a Babel:
264
_b
Municipalidad de Lima Metropolitana
942
_c
LIB
999
_c
7534
_d
7534